Možnosti znižovania nákladov v podniku diplomová práca

Enregistré dans:
Détails bibliographiques
Auteur principal: Budzaková, Jana
Collectivité auteur: Fakulta podnikového manažmentu EU. Katedra podnikovohospodárska
Autres auteurs: Foltínová, Alžbeta
Format: Livre
Langue:slovaque
Publié: Bratislava 2011
Tags: Ajouter un tag
Pas de tags, Soyez le premier à ajouter un tag!

MARC

LEADER 00000nbm a2200000 4500
001 0131590
005 20161109101717.0
041 0 |a slo 
044 |a SK 
245 1 0 |a Možnosti znižovania nákladov v podniku  |b diplomová práca  |c Jana Budzaková ; školiteľ: Alžbeta Foltínová 
264 1 |a Bratislava  |c 2011 
300 |a 93 s. 
100 1 |a Budzaková, Jana 
700 1 |a Foltínová, Alžbeta 
710 2 |a Fakulta podnikového manažmentu EU. Katedra podnikovohospodárska